[Event "Magistral Szmetan Giardelli 2019"]
[Site "Buenos Aires"]
[Date "2019.12.10"]
[Round "10.6"]
[White "Delgado Ramirez, Neuris"]
[Black "Hoffman, Alejandro"]
[Result "0-1"]
[WhiteElo "2619"]
[BlackElo "2441"]
[Annotator "TA"]
[PlyCount "34"]
[EventDate "2019.12.01"]
[EventType "tourn"]
[EventCountry "ARG"]
[SourceTitle "playchess.com"]
[Source "ChessBase"]
[SourceQuality "1"]

{[%evp 20,128,20,-68,-57,-64,-56,-58,-60,-62,-60,-57,-57,-69,-30,-88,-89,-88,-89,-89,-87,-87,-68,-89,-87,-93,-90,-106,-100,-110,-105,-99,-102,-166,-96,-115,-79,-77,-58,-82,-82,-94,-89,-89,-89,-83,-87,-90,-87,-112,-87,-146,-101,-114,-108,-108,-95,-105,-95,-112,0,-137,-97,-259,-278,-541,-548,-499,-562,-558,-554,-556,-556,-545,-526,-498,-413,-456,-447,-487,-473,-624,-624,-615,-603,-745,-742,-725,-696,-923,-614,-708,-548,-568,0,-579,-570,-800,-774,-756,-739,-1252,-2211,-2195,-2199,-5227,-2921,-6149,-6149,-6648,-5868]} 1. e4 e5 2. Nf3 d6 3. d4 exd4 4. Qxd4 Nc6 5. Bb5 Bd7 6. Bxc6 Bxc6 7. Bg5 Nf6 8. Nc3 Be7 9. O-O-O O-O 10. Rhe1 Re8 11. h4 (11. Kb1 $11) 11... h6 $15 {C62: Ruy Lopez: Steinitz Defence} 12. Bf4 Ng4 13. Qd2 Bf6 {Black is slightly better.} 14. Nd4 Bxd4 $146 ({Predecessor:} 14... Bxh4 15. g3 Bg5 16. f3 Ne5 17. Bxg5 hxg5 18. Rh1 Qf6 19. Qh2 Ng6 20. Nf5 Nh4 21. gxh4 gxh4 22. Rdg1 {1-0 (22) Sivokho,S (2478)-Polaninov,A (2260) St Petersburg 2001}) 15. Qxd4 Qxh4 16. f3 {Hoping for g3.} Qf6 (16... Ne5 {looks sharper.} 17. Be3 b5 18. Kb1 a5 19. Ne2 Qe7) 17. Qd2 {[#]} (17. Qxf6 $11 {remains equal.} Nxf6 18. e5 dxe5 19. Rxe5) 17... Ne5 {Played: Ng4-f2} 0-1

[Event "Magistral Szmetan Giardelli 2019"]
[Site "Buenos Aires"]
[Date "2019.12.11"]
[Round "11.1"]
[White "Hoffman, Alejandro"]
[Black "Slipak, Sergio"]
[Result "0-1"]
[WhiteElo "2441"]
[BlackElo "2384"]
[Annotator "NA"]
[PlyCount "102"]
[EventDate "2019.12.01"]
[EventType "tourn"]
[EventCountry "ARG"]
[SourceTitle "playchess.com"]
[Source "ChessBase"]
[SourceQuality "1"]
[TimeControl "40/5400+30:1800+30"]

1. d4 {[%emt 0:00:00]} d5 {[%emt 0:00:00]} 2. c4 {[%emt 0:00:30]} e6 {[%emt 0:00:30]} 3. Nc3 {[%emt 0:00:30]} Be7 {[%emt 0:00:30]} 4. Nf3 {[%emt 0:00:30]} Nf6 {[%emt 0:00:30]} 5. Bf4 {[%emt 0:00:30]} O-O {[%emt 0:00:30]} 6. e3 {[%emt 0:00:30]} b6 {[%emt 0:13:01]} 7. Bd3 {[%emt 0:04:21]} dxc4 {[%emt 0:00:30]} 8. Bxc4 {[%emt 0:00:30]} Bb7 {[%emt 0:00:30]} 9. O-O {[%emt 0:00:30]} Nbd7 {[%emt 0:14:50]} 10. Qe2 {[%emt 0:10:10]} Nd5 {[%emt 0:05:10]} 11. Nxd5 {[%emt 0:13:56]} exd5 {[%emt 0:12:44]} 12. Ba6 {[%emt 0:00:30]} Qc8 {[%emt 0:00:30]} 13. Bd3 {[%emt 0:09:00]} Nf6 {[%emt 0:00:30]} 14. Rac1 {[%emt 0:06:20]} c5 {[%emt 0:00:30]} 15. dxc5 {[%emt 0:04:30]} bxc5 {[%emt 0:00:30]} 16. Nd4 {[%emt 0:00:30]} g6 {[%emt 0:00:30]} 17. Rfd1 {[%emt 0:18:30]} Qd8 {[%emt 0:00:30]} 18. Nb5 {[%emt 0:04:00]} Qb6 {[%emt 0:04:00]} 19. Bc7 {[%emt 0:00:30]} Qe6 {[%emt 0:09:41]} 20. Bg3 {[%emt 0:00:30]} Qb6 {[%emt 0:00:30]} 21. b3 {[%emt 0:00:30]} Rac8 {[%emt 0:00:30]} 22. Nc3 {[%emt 0:00:30]} Qe6 {[%emt 0:11:41]} 23. Na4 {[%emt 0:00:30]} Nh5 {[%emt 0:00:30]} 24. Qd2 {[%emt 0:00:30]} Nxg3 {[%emt 0:06:50]} 25. hxg3 {[%emt 0:00:30]} c4 {[%emt 0:03:10]} 26. Be2 {[%emt 0:00:30]} Ba3 {[%emt 0:09:59]} 27. Rc2 {[%emt 0:00:30]} cxb3 {[%emt 0:00:30]} 28. axb3 {[%emt 0:00:30]} Bb4 29. Qc1 {[%emt 0:05:51]} d4 30. Rxd4 {[%emt 0:00:30]} Qxb3 31. Rxc8 {[%emt 0:00:30]} Rxc8 32. Qd1 {[%emt 0:00:30]} Qxd1+ 33. Bxd1 {[%emt 0:00:30]} a5 34. Bb3 {[%emt 0:02:51]} Rc1+ 35. Kh2 {[%emt 0:00:30]} Bc6 36. Rd8+ {[%emt 0:00:30]} Kg7 37. Nb6 {[%emt 0:04:00]} Rb1 38. Bd5 {[%emt 0:00:30]} Bxd5 39. Nxd5 {[%emt 0:00:30]} Be1 40. f3 {[%emt 0:00:30]} a4 41. e4 {[%emt 0:31:40]} Rb5 42. e5 {[%emt 0:09:40]} a3 43. f4 {[%emt 0:00:30]} Rxd5 44. Rxd5 {[%emt 0:00:30]} a2 45. Rd1 {[%emt 0:00:30]} Bc3 46. g4 {[%emt 0:00:30]} h6 47. g3 {[%emt 0:00:30]} a1=Q 48. Rxa1 {[%emt 0:00:30]} Bxa1 49. Kg2 {[%emt 0:00:30]} Kf8 50. Kf3 {[%emt 0:00:30]} Ke7 51. Ke4 {[%emt 0:00:30]} Bc3 0-1

[Event "Magistral Szmetan Giardelli 2019"]
[Site "Buenos Aires"]
[Date "2019.12.11"]
[Round "11.2"]
[White "Felgaer, Ruben"]
[Black "Delgado Ramirez, Neuris"]
[Result "0-1"]
[WhiteElo "2560"]
[BlackElo "2619"]
[Annotator "ChessBase"]
[PlyCount "116"]
[EventDate "2019.12.01"]
[EventType "tourn"]
[EventCountry "ARG"]
[SourceTitle "playchess.com"]
[Source "ChessBase"]
[SourceQuality "1"]
[TimeControl "40/5400+30:1800+30"]

1. e4 {[%emt 0:00:00]} c5 {[%emt 0:00:00]} 2. Nf3 {[%emt 0:00:30]} d6 {[%emt 0:00:30]} 3. d4 {[%emt 0:00:30]} cxd4 {[%emt 0:00:30]} 4. Nxd4 {[%emt 0:00:30]} Nf6 {[%emt 0:00:30]} 5. Nc3 {[%emt 0:00:30]} a6 {[%emt 0:00:30]} 6. g3 {[%emt 0:00:30]} e5 {[%emt 0:00:30]} 7. Nb3 {[%emt 0:00:30]} Bg4 {[%emt 0:00:30]} 8. Be2 {[%emt 0:13:01]} Be6 {[%emt 0:00:30]} 9. f4 {[%emt 0:00:30]} Be7 {[%emt 0:00:30]} 10. f5 {[%emt 0:05:10]} Bc8 {[%emt 0:14:00]} 11. Be3 {[%emt 0:00:30]} b5 {[%emt 0:00:30]} 12. Nd5 {[%emt 0:10:10]} Nbd7 {[%emt 0:00:30]} 13. a4 {[%emt 0:00:30]} Nxd5 {[%emt 0:00:30]} 14. Qxd5 {[%emt 0:00:30]} Rb8 {[%emt 0:05:10]} 15. axb5 {[%emt 0:00:30]} Bb7 {[%emt 0:00:30]} 16. Qd3 {[%emt 0:00:30]} axb5 {[%emt 0:00:30]} 17. O-O {[%emt 0:06:20]} O-O {[%emt 0:00:30]} 18. Ra7 {[%emt 0:00:30]} Nf6 {[%emt 0:00:30]} 19. Bf3 {[%emt 0:07:37]} Re8 {[%emt 0:00:30]} 20. Rfa1 {[%emt 0:28:04]} d5 {[%emt 0:00:30]} 21. Qxb5 {[%emt 0:00:30]} Qc8 {[%emt 0:00:30]} 22. Qe2 {[%emt 0:04:30]} dxe4 {[%emt 0:00:30]} 23. Bg2 {[%emt 0:00:30]} Bd5 {[%emt 0:00:30]} 24. h3 {[%emt 0:18:30]} Qxf5 {[%emt 0:00:30]} 25. c4 {[%emt 0:00:30]} Rxb3 {[%emt 0:00:50]} 26. cxd5 {[%emt 0:00:30]} Nxd5 {[%emt 0:00:30]} 27. Qc4 Rxe3 {[%emt 0:05:21]} 28. Qxd5 Rxg3 {[%emt 0:00:30]} 29. Rf1 Qg6 {[%emt 0:00:30]} 30. Rxe7 Rxg2+ {[%emt 0:00:30]} 31. Kh1 Rf8 {[%emt 0:00:30]} 32. Rexf7 Rg1+ {[%emt 0:00:30]} 33. Rxg1 Qxf7 {[%emt 0:00:30]} 34. Qxe4 Qe6 {[%emt 0:00:30]} 35. Qg4 Qd5+ {[%emt 0:00:30]} 36. Rg2 g6 {[%emt 0:00:30]} 37. Kh2 Rf4 {[%emt 0:06:50]} 38. Qc8+ Kg7 {[%emt 0:00:30]} 39. Qc7+ Kh6 {[%emt 0:00:30]} 40. Qc1 Qf7 {[%emt 0:03:10]} 41. Qe3 Qf6 {[%emt 0:30:30]} 42. b4 g5 {[%emt 0:00:30]} 43. b5 Rb4 {[%emt 0:00:30]} 44. Rf2 Qe6 {[%emt 0:00:30]} 45. Rc2 Rxb5 {[%emt 0:00:30]} 46. h4 Qg4 {[%emt 0:10:09]} 47. hxg5+ Kh5 {[%emt 0:05:30]} 48. Qf2 Qf4+ {[%emt 0:17:40]} 49. Qxf4 exf4 {[%emt 0:00:30]} 50. Kg2 Kg4 {[%emt 0:00:30]} 51. Kh2 Rb3 {[%emt 0:01:30]} 52. Kg2 Rh3 {[%emt 0:00:30]} 53. Rc4 Ra3 {[%emt 0:00:30]} 54. Rc2 Rg3+ {[%emt 0:00:30]} 55. Kf2 Rh3 {[%emt 0:00:30]} 56. Rc5 Rh2+ {[%emt 0:00:30]} 57. Kf1 f3 {[%emt 0:00:30]} 58. Kg1 Kg3 {[%emt 0:00:30]} 0-1

[Event "Magistral Szmetan Giardelli 2019"]
[Site "Buenos Aires"]
[Date "2019.12.11"]
[Round "11.3"]
[White "Perez Ponsa, Federico"]
[Black "Pichot, Alan"]
[Result "1-0"]
[WhiteElo "2560"]
[BlackElo "2588"]
[Annotator "ChessBase"]
[PlyCount "57"]
[EventDate "2019.12.01"]
[EventType "tourn"]
[EventCountry "ARG"]
[SourceTitle "playchess.com"]
[Source "ChessBase"]
[SourceQuality "1"]
[TimeControl "40/5400+30:1800+30"]

1. d4 {[%emt 0:00:00]} Nf6 {[%emt 0:00:00]} 2. c4 {[%emt 0:00:30]} e6 {[%emt 0:00:30]} 3. Nc3 {[%emt 0:00:30]} Bb4 {[%emt 0:00:30]} 4. Qc2 {[%emt 0:00:30]} d5 {[%emt 0:00:30]} 5. cxd5 {[%emt 0:00:30]} exd5 {[%emt 0:00:30]} 6. Bg5 {[%emt 0:00:30]} h6 {[%emt 0:00:30]} 7. Bh4 {[%emt 0:00:30]} g5 {[%emt 0:00:30]} 8. Bg3 {[%emt 0:00:30]} Nc6 {[%emt 0:00:30]} 9. e3 {[%emt 0:00:30]} h5 {[%emt 0:00:30]} 10. Bb5 {[%emt 0:00:30]} h4 {[%emt 0:00:30]} 11. Be5 {[%emt 0:00:30]} O-O {[%emt 0:00:30]} 12. Bxf6 {[%emt 0:19:11]} Qxf6 {[%emt 0:00:30]} 13. a3 {[%emt 0:00:30]} Bf5 {[%emt 0:00:30]} 14. Bd3 {[%emt 0:00:30]} Bxc3+ {[%emt 0:00:30]} 15. bxc3 {[%emt 0:00:30]} Ne7 {[%emt 0:00:30]} 16. h3 {[%emt 0:10:10]} c5 {[%emt 0:00:30]} 17. Nf3 {[%emt 0:05:10]} Rac8 {[%emt 0:00:30]} 18. Bxf5 {[%emt 0:06:20]} Nxf5 {[%emt 0:00:30]} 19. Qb3 {[%emt 0:00:30]} Rfd8 {[%emt 0:07:37]} 20. Qxb7 {[%emt 0:12:44]} Rb8 {[%emt 0:00:30]} 21. Qxa7 {[%emt 0:00:30]} cxd4 {[%emt 0:09:00]} 22. cxd4 {[%emt 0:00:30]} Ra8 {[%emt 0:29:20]} 23. Qc7 {[%emt 0:00:30]} Qa6 {[%emt 0:00:30]} 24. Qe5 {[%emt 0:00:30]} Qd3 {[%emt 0:00:30]} 25. Rd1 {[%emt 0:00:30]} Qc3+ {[%emt 0:00:30]} 26. Nd2 {[%emt 0:00:30]} Qd3 {[%emt 0:00:30]} 27. Nb1 {[%emt 0:00:30]} Qc2 {[%emt 0:00:50]} 28. O-O {[%emt 0:00:30]} Re8 {[%emt 0:00:30]} 29. Qxd5 {[%emt 0:00:30]} 1-0

[Event "Magistral Szmetan Giardelli 2019"]
[Site "Buenos Aires"]
[Date "2019.12.11"]
[Round "11.4"]
[White "Ricardi, Pablo"]
[Black "Henriquez Villagra, Cristobal"]
[Result "0-1"]
[WhiteElo "2493"]
[BlackElo "2593"]
[Annotator "ChessBase"]
[PlyCount "100"]
[EventDate "2019.12.01"]
[EventType "tourn"]
[EventCountry "ARG"]
[SourceTitle "playchess.com"]
[Source "ChessBase"]
[SourceQuality "1"]
[TimeControl "40/5400+30:1800+30"]

1. e4 {[%emt 0:00:00]} c5 {[%emt 0:00:00]} 2. Nf3 {[%emt 0:00:30]} d6 {[%emt 0:00:30]} 3. Bb5+ {[%emt 0:00:30]} Nd7 {[%emt 0:00:30]} 4. O-O {[%emt 0:00:30]} a6 {[%emt 0:00:30]} 5. Bxd7+ {[%emt 0:00:30]} Bxd7 {[%emt 0:00:30]} 6. c3 {[%emt 0:00:30]} Nf6 {[%emt 0:04:20]} 7. Re1 {[%emt 0:00:30]} Bg4 {[%emt 0:00:30]} 8. d4 {[%emt 0:00:30]} e6 {[%emt 0:00:30]} 9. h3 {[%emt 0:14:51]} Bh5 {[%emt 0:10:10]} 10. d5 {[%emt 0:00:30]} e5 {[%emt 0:00:30]} 11. Nbd2 {[%emt 0:00:30]} g5 {[%emt 0:05:10]} 12. g4 {[%emt 0:13:57]} Bg6 {[%emt 0:00:30]} 13. Nh2 {[%emt 0:00:30]} h5 {[%emt 0:12:44]} 14. f3 {[%emt 0:00:30]} hxg4 {[%emt 0:00:30]} 15. hxg4 {[%emt 0:00:30]} Nd7 {[%emt 0:00:30]} 16. Ndf1 {[%emt 0:00:30]} Qf6 {[%emt 0:09:00]} 17. Be3 {[%emt 0:06:20]} Be7 {[%emt 0:00:30]} 18. a4 {[%emt 0:00:30]} Rh3 {[%emt 0:00:30]} 19. a5 {[%emt 0:04:29]} Kf8 {[%emt 0:00:30]} 20. Kg2 {[%emt 0:18:31]} Qh8 {[%emt 0:00:30]} 21. b4 {[%emt 0:00:30]} c4 {[%emt 0:00:30]} 22. Ra2 {[%emt 0:00:30]} Kg7 {[%emt 0:00:30]} 23. Kg1 {[%emt 0:00:30]} Qh7 {[%emt 0:00:30]} 24. Rg2 {[%emt 0:00:30]} Rh8 {[%emt 0:04:00]} 25. Qe2 {[%emt 0:04:00]} Qh4 {[%emt 0:09:41]} 26. Nd2 {[%emt 0:11:40]} Rg3 {[%emt 0:00:30]} 27. Ndf1 {[%emt 0:00:30]} Rxg2+ {[%emt 0:00:30]} 28. Kxg2 {[%emt 0:00:30]} Nf6 {[%emt 0:00:30]} 29. Bf2 {[%emt 0:00:30]} Qh3+ {[%emt 0:00:30]} 30. Kg1 {[%emt 0:00:30]} Nxd5 {[%emt 0:00:30]} 31. Bg3 {[%emt 0:10:00]} Nf4 {[%emt 0:05:40]} 32. Bxf4 {[%emt 0:00:30]} exf4 {[%emt 0:00:30]} 33. Qxc4 {[%emt 0:00:30]} Bf6 {[%emt 0:00:30]} 34. Rd1 {[%emt 0:04:20]} Be5 {[%emt 0:00:30]} 35. Rxd6 {[%emt 0:03:31]} Bxd6 {[%emt 0:00:30]} 36. Qd4+ {[%emt 0:00:30]} Kh7 {[%emt 0:00:30]} 37. Qxd6 {[%emt 0:00:30]} Qh4 {[%emt 0:00:30]} 38. Qd5 {[%emt 0:02:50]} Rc8 {[%emt 0:05:52]} 39. c4 {[%emt 0:00:30]} Kh6 {[%emt 0:00:30]} 40. c5 {[%emt 0:00:30]} Qe1 {[%emt 0:02:38]} 41. Qd4 Kh7 {[%emt 0:37:20]} 42. Kg2 Qe2+ {[%emt 0:05:00]} 43. Kg1 Qe1 {[%emt 0:00:30]} 44. Kg2 Rh8 {[%emt 0:08:10]} 45. Qd5 Qxb4 {[%emt 0:00:30]} 46. Qxg5 Qb2+ {[%emt 0:00:30]} 47. Kg1 Qc1 {[%emt 0:00:30]} 48. Qe5 Rc8 {[%emt 0:00:30]} 49. Qf6 Rxc5 {[%emt 0:00:30]} 50. e5 Qe1 {[%emt 0:00:30]} 0-1

[Event "Magistral Szmetan Giardelli 2019"]
[Site "Buenos Aires"]
[Date "2019.12.11"]
[Round "11.5"]
[White "Santiago, Yago De Moura"]
[Black "Flores, Diego"]
[Result "1/2-1/2"]
[WhiteElo "2479"]
[BlackElo "2608"]
[Annotator "ChessBase"]
[PlyCount "97"]
[EventDate "2019.12.01"]
[EventType "tourn"]
[EventCountry "ARG"]
[SourceTitle "playchess.com"]
[Source "ChessBase"]
[SourceQuality "1"]
[TimeControl "40/5400+30:1800+30"]

1. d4 {[%emt 0:00:00]} Nf6 {[%emt 0:00:00]} 2. c4 {[%emt 0:00:30]} e6 {[%emt 0:00:30]} 3. Nc3 {[%emt 0:00:30]} Bb4 {[%emt 0:00:30]} 4. Bd2 {[%emt 0:00:30]} c5 {[%emt 0:13:01]} 5. a3 {[%emt 0:00:30]} Bxc3 {[%emt 0:04:20]} 6. Bxc3 {[%emt 0:00:30]} Ne4 {[%emt 0:00:30]} 7. Qc2 {[%emt 0:14:51]} Nxc3 {[%emt 0:00:30]} 8. Qxc3 {[%emt 0:00:30]} Qf6 {[%emt 0:00:30]} 9. Nf3 {[%emt 0:00:30]} Nc6 {[%emt 0:10:10]} 10. Rd1 {[%emt 0:00:30]} b6 {[%emt 0:05:10]} 11. e3 {[%emt 0:13:57]} Bb7 {[%emt 0:00:30]} 12. Qd2 {[%emt 0:21:43]} cxd4 {[%emt 0:00:30]} 13. Nxd4 {[%emt 0:00:30]} Nxd4 {[%emt 0:06:20]} 14. Qxd4 {[%emt 0:00:30]} Qxd4 {[%emt 0:00:30]} 15. Rxd4 {[%emt 0:00:30]} Ke7 {[%emt 0:00:30]} 16. f3 {[%emt 0:00:30]} Rhd8 {[%emt 0:23:00]} 17. Be2 {[%emt 0:04:00]} d5 {[%emt 0:13:42]} 18. cxd5 {[%emt 0:00:30]} Bxd5 {[%emt 0:00:30]} 19. Kf2 {[%emt 0:11:40]} e5 {[%emt 0:00:30]} 20. Rd3 {[%emt 0:00:30]} Be6 {[%emt 0:00:30]} 21. Rc1 {[%emt 0:06:50]} Rac8 {[%emt 0:00:30]} 22. Rxc8 {[%emt 0:00:30]} Rxc8 {[%emt 0:00:30]} 23. Ke1 {[%emt 0:00:30]} e4 {[%emt 0:08:50]} 24. Rd2 {[%emt 0:10:41]} exf3 {[%emt 0:00:30]} 25. Bxf3 {[%emt 0:00:30]} Kf6 {[%emt 0:05:51]} 26. Bd1 {[%emt 0:00:30]} Rc1 {[%emt 0:00:30]} 27. Kf2 {[%emt 0:00:30]} Ke5 {[%emt 0:00:30]} 28. Bf3 {[%emt 0:02:38]} a5 {[%emt 0:00:30]} 29. Be2 {[%emt 0:03:20]} g5 {[%emt 0:00:30]} 30. Bd3 {[%emt 0:04:10]} h5 {[%emt 0:00:30]} 31. Rc2 {[%emt 0:00:30]} Rxc2+ {[%emt 0:02:50]} 32. Bxc2 {[%emt 0:00:30]} Bf5 {[%emt 0:00:30]} 33. Bb3 {[%emt 0:00:30]} Be6 {[%emt 0:00:30]} 34. Bc2 f6 {[%emt 0:00:30]} 35. g3 Bf5 {[%emt 0:00:30]} 36. Bb3 Bg4 {[%emt 0:00:30]} 37. Bc2 Bh3 {[%emt 0:00:30]} 38. Bd1 Bg4 39. Bc2 Bd7 40. Bd1 Be8 41. Bc2 h4 42. gxh4 gxh4 43. Kf3 Bd7 44. Kf2 Bc6 45. Bb3 Be4 46. Ke2 f5 47. Kf2 Kd6 48. Ke2 Kc5 49. Be6 1/2-1/2

[Event "Magistral Szmetan Giardelli 2019"]
[Site "Buenos Aires"]
[Date "2019.12.11"]
[Round "11.6"]
[White "Mareco, Sandro"]
[Black "Granda Zuniga, Julio E"]
[Result "1/2-1/2"]
[WhiteElo "2637"]
[BlackElo "2644"]
[Annotator "ChessBase"]
[PlyCount "23"]
[EventDate "2019.12.01"]
[EventType "tourn"]
[EventCountry "ARG"]
[SourceTitle "playchess.com"]
[Source "ChessBase"]
[SourceQuality "1"]
[TimeControl "40/5400+30:1800+30"]

1. d4 {[%emt 0:00:00]} d5 {[%emt 0:00:00]} 2. c4 {[%emt 0:00:30]} c6 {[%emt 0:00:30]} 3. Nf3 {[%emt 0:00:30]} Nf6 {[%emt 0:00:30]} 4. Nc3 {[%emt 0:00:30]} e6 {[%emt 0:00:30]} 5. Bg5 {[%emt 0:00:30]} h6 {[%emt 0:00:30]} 6. Bh4 {[%emt 0:00:30]} Nbd7 {[%emt 0:04:20]} 7. e3 {[%emt 0:00:30]} g5 {[%emt 0:08:30]} 8. Bg3 {[%emt 0:00:30]} Nh5 {[%emt 0:00:30]} 9. Be5 {[%emt 0:00:30]} Nhf6 {[%emt 0:00:30]} 10. Bg3 {[%emt 0:00:30]} Nh5 {[%emt 0:00:30]} 11. Be5 {[%emt 0:00:30]} Nhf6 {[%emt 0:00:30]} 12. Bg3 {[%emt 0:00:30]} 1/2-1/2